| 000 | 01032nam a2200253 a 4500 | ||
|---|---|---|---|
| 001 | BRCA_4590 | ||
| 005 | 20190320204728.0 | ||
| 008 | 240910s1944----mx-#######---#000-0#spa-# | ||
| 041 | _aspa | ||
| 044 | _amx | ||
| 050 | 4 |
_aF1231 _b.R63 1944 |
|
| 100 | 1 |
_aRodríguez Manzo, Joseph Antonio _911614 |
|
| 245 | 1 | 0 |
_aRendido coloquio de México y la Habana _cJoseph Antonio Rodríguez Manzo. |
| 260 |
_aMéxico _bBiblioteca Aportación Histórica Vargas Rea _c1944 |
||
| 300 |
_a1 v. (sin paginación) _bil. _c23 cm. |
||
| 500 | _aFacsímil de: Rendido coloquio entre la muy ilustre ciudad de la Habana y la nobilissima de Mexico, en amorosos afectos al Excmò. Sr. Virrey de esta Nueva España, 1771 | ||
| 500 | _aRarísimo impreso, hecho en la Ciudad de México dedicado al Virrey de Bucareli | ||
| 500 | _aEjemplar numerado 30 de 100 | ||
| 500 | _aD25 | ||
| 600 | 1 | 4 |
_aBucareli y Urzúa, Antonio María de _cVirrey _d1717-1779 _zMéxico _911615 |
| 651 | 4 |
_aMéxico _xHistoria _y1540-1810 _911616 |
|
| 902 | _aGFM | ||
| 942 |
_2lcc _cB |
||
| 999 |
_c4295 _d4295 |
||